Trò chuyện tiếng Anh lưu loát và chuẩn giọng = English conversation in daily life
Gồm các từ vựng, mẫu câu, đoạn đối thoại xoay quanh các đề tài thường gặp trong cuộc sống như chào hỏi, giới thiệu bản thân, học hành, làm việc, hôn nhân, gia đình...
محفوظ في:
| التنسيق: | كتاب |
|---|---|
| اللغة: | Undetermined |
| منشور في: |
Thành phố Hồ Chí Minh
Tổng hợp Thành phố Hồ Chí Minh
2019
|
| الموضوعات: | |
| الوسوم: |
إضافة وسم
لا توجد وسوم, كن أول من يضع وسما على هذه التسجيلة!
|
| Thư viện lưu trữ: | Trung tâm Học liệu Trường Đại học Cần Thơ |
|---|
| LEADER | 01000nam a2200229Ia 4500 | ||
|---|---|---|---|
| 001 | CTU_238809 | ||
| 008 | 210402s9999 xx 000 0 und d | ||
| 020 | |c 298000 | ||
| 082 | |a 428.34 | ||
| 082 | |b Tr400 | ||
| 245 | 0 | |a Trò chuyện tiếng Anh lưu loát và chuẩn giọng = | |
| 245 | 0 | |b English conversation in daily life | |
| 245 | 0 | |c Nguyễn Thành Yến (dịch) | |
| 260 | |a Thành phố Hồ Chí Minh | ||
| 260 | |b Tổng hợp Thành phố Hồ Chí Minh | ||
| 260 | |c 2019 | ||
| 520 | |a Gồm các từ vựng, mẫu câu, đoạn đối thoại xoay quanh các đề tài thường gặp trong cuộc sống như chào hỏi, giới thiệu bản thân, học hành, làm việc, hôn nhân, gia đình... | ||
| 650 | |a Tiếng Anh,English language | ||
| 650 | |x Nói tiếng Anh,Spoken English | ||
| 904 | |i Tuyến | ||
| 910 | |a Hải | ||
| 980 | |a Trung tâm Học liệu Trường Đại học Cần Thơ | ||